| 000 | 00409 a2200157 4500 | ||
|---|---|---|---|
| 005 | 20250626153047.0 | ||
| 020 | _a9780070635807 | ||
| 082 | _a658.15 BRE | ||
| 100 | _aBREALEY,A.R. | ||
| 245 | _aPrinciples of Corporate Finance | ||
| 250 | _a8th Ed. | ||
| 260 |
_aNew Delhi _bMc Graw Hill, _c2007 |
||
| 300 |
_axxvii,1039p.:ill. _bIndex _c23cm. |
||
| 700 | _aMOHANTY,P. , MYERS,S.& ALLEN, F. | ||
| 942 |
_2ddc _cBKS |
||
| 999 |
_c5424 _d5424 |
||